000 006000000a22001810004500
003 MACL
005 20160609121629.0
008 160609b xxu||||| |||| 00| 0 eng d
040 _aMACL
_cMACL
041 _aHindi
082 _a800
100 _aसं शरण, गिरिराज
_963329
245 _aराजनीतिक परिवेशा पर व्‍यंग्‍य
_cसं गिरिराज शरण
260 _bप्रभात प्रकाशन
_c1996
_aदिल्‍ली
350 _a100
650 _aLiteracture
_963336
942 _cHIN
_k800
_2ddc
999 _c29779
_d29779